000 00507nam a2200181 a 4500
001 1770285653290
003 YourLibrary
005 20260205153744.0
008 260205s2009##################000#0#eng##
020 _a9780749454517
082 0 4 _a333.330941DAW
100 1 _aDawson, Catherine,
_eauthor.
245 1 0 _aThe Complete Guide to Property Development for the Small Investor :
260 _c2009.
650 0 _aBusiness & Economics.
942 _cENGLISH
040 _aYourLibrary
_beng
_cYourLibrary
999 _c610513
_d610513